| 000 | 01644nam a22002897a 4500 | ||
|---|---|---|---|
| 999 |
_c21906 _d21906 |
||
| 003 | AR-CdUCM | ||
| 008 | 190425b ||||| |||| 00| 0 spa d | ||
| 040 |
_aMUNICIPALIDAD PROVINCIAL DEL CUSCO _cBIBLIOTECA MUNICIPAL DEL CUSCO |
||
| 082 | _aRev.FD/N°8/1997 | ||
| 110 |
_aUniversidad Nacional De San Antonio Abad del Cuzco _914483 |
||
| 245 |
_aRevista de la Facultad de Derecho y Ciencias Políticas / _cUniversidad Nacional de San Antonio Abad del Cuzco |
||
| 260 |
_aCusco : _bUNSAAC, _c1997. |
||
| 300 |
_a413 páginas. : _c21 cm. |
||
| 440 |
_aRevista de la Facultad de Derecho y Ciencias Políticas. _nN°8, 1997. _946776 |
||
| 505 | _aContenido: Cuadro de autoridades de la facultad. -- Historia de la facultad de Derecho y Ciencias Políticas de la UNSAAC. -- Algunos conceptos sobre derecho procesal civil. -- La conciliación judicial. -- El peritaje en el proceso civil. -- La doctrina Fujimori y el destino de un país. -- El tratamiento del matrimonio autóctono en la ley peruana. -- Marco legal de los estudios de impacto ambiental. -- El estado neoliberal del Perú y la Constitución económica de 1993. -- La teoría Egológica del Derecho. -- Los niños de Jonás cuento. | ||
| 650 |
_aDerecho del Perú _946685 |
||
| 650 |
_aDeontología Jurídica _946777 |
||
| 650 |
_aLegislación ambiental _946778 |
||
| 650 |
_aConciliación judicial _910957 |
||
| 650 |
_aFacultad de Derecho del Cuzco _946697 |
||
| 700 |
_aBéjar Quispe, José _96070 |
||
| 700 |
_aValcárcel Gamarra, Pedro _946716 |
||
| 700 |
_aCarreño Peralta, Elias _946779 |
||
| 700 |
_aVillena Aguirre, Arturo _91322 |
||
| 942 |
_2ddc _cPP |
||
| 945 | _arac | ||